00330nam a2200145Ia 4500003000400000005001700004008004100021040000700062041000800069082001900077100002000096245003300116260002700149365000800176OSt20230607100443.0210423s1991 xx 000 0 und d cAL aeng a370 223bSINJ aSINGH (R P),Ed. aJournal of indian education. aNew DelhibNCERTc1991 cINR